000 00429nmm a2200145Ia 4500
008 251105s9999||||xx |||||||||||||||||und||
041 _aspa
100 _aGay Méndez, Aurora
245 0 _aNutrición
264 _a[Madrid, España] :
_bMinisterio de Educación, Cultura y Deporte de España,
_c2017
300 _a228 páginas
650 _aMedicine
856 _uhttps://public.digitaliapublishing.com/a/60339
942 _cCF
999 _c106382
_d106382